| 000 | 00623nmc a2200253 a 4500 | ||
|---|---|---|---|
| 003 | AR-BaBNM | ||
| 005 | 20251128204432.0 | ||
| 008 | 255119s1974 ||||||||||||||000 | spa|| | ||
| 040 | _cAR-BaBNM | ||
| 100 | 1 | _aGieseler, H. | |
| 245 | 1 | 0 | _aManualidades con aluminio |
| 250 | _a1ª ed. | ||
| 260 |
_aBuenos Aires _bKapelusz _c1974 |
||
| 300 | 0 |
_a46 p. _bil., láms., gráfs. |
|
| 490 | 0 | _aCómo hacer | |
| 650 | 4 | _aARTESANIAS | |
| 650 | 4 | _aMETALES | |
| 650 | 4 | _aEDUCACION ARTISTICA | |
| 650 | 4 | _aALUMINIO | |
| 653 | 0 | _aMANUALIDADES | |
| 700 | 1 |
_aThomas, Juan Jorge _etraductor |
|
| 942 | _cBK | ||
| 998 | _cEnrique | ||
| 999 |
_c7413 _d7413 |
||